00430nam a2200145Ia 4500008004100000041000900041082001700050100002800067245002600095260003600121300000800157650000800165999001700173952009400190230718s9999 xx 000 0 und d aEng. a840.3bNAZ-P aNazion. Muhammad Manzas 0aPellettion Penal Code aPakistanb410 Pablishe213c1999 a699 aLaw c28851d28851 00104070aSIRC-LbSIRC-Ld2023-07-18l0o840.3 NAZ-Pp23802r2023-07-18w2023-07-18yBK